000
00310nam a2200145 a 4500
005
20260322212039.0
008
data
090
_a
BD 444 G462t 1967
100
1
_a
Glaser, Barney G.
245
1
0
_a
Time for dying/
_c
Barney G. Glaser.
260
_b
Aldine
_c
p1967
300
_a
269 p.
650
4
_a
Dealth.
001
data
999
_c
909
_d
909